Los caminos unánimes de Ciro Montero /

Gorde:
Xehetasun bibliografikoak
Egile Nagusiak: Fajardo, Miguel 1956-, De la O Castañeda, Orlando
Formatua: Liburua
Hizkuntza:Spanish
Argitaratua: [San José, Costa Rica]: Arboleda, 2009.
Gaiak:
Etiketak: Etiketa erantsi
Etiketarik gabe, Izan zaitez lehena erregistro honi etiketa jartzen!

MARC

LEADER 00000nam a22000007a 4500
008 150513s2009 c | |||| 00| pbspa d
020 |a 9789968536189 
040 |a CRU CIICLA 
041 |a spa 
082 |a CR861.420.92  |b M778f 
100 1 |a Fajardo, Miguel  |d 1956- 
100 1 |a De la O Castañeda, Orlando 
245 1 4 |a Los caminos unánimes de Ciro Montero /  |c Miguel Fajardo Korea, Orlado De La O Castañeda 
260 |a [San José, Costa Rica]:  |b Arboleda,  |c 2009. 
300 |a 172 páginas 
600 1 4 |a MONTERO GUEVARA, CIRO  |d 1923-2004  |x CRITICA E INTERPRETACION  
650 7 |9 76  |a LITERATURA COSTARRICENSE  |v POESIA 
942 |2 ddc  |c BK 
999 |c 4098  |d 4098